<?xml version="1.0" encoding="UTF-8"?>
<record
    xmlns:xsi="http://www.w3.org/2001/XMLSchema-instance"
    xsi:schemaLocation="http://www.loc.gov/MARC21/slim http://www.loc.gov/standards/marcxml/schema/MARC21slim.xsd"
    xmlns="http://www.loc.gov/MARC21/slim">

  <leader>00400nam a2200133   4500</leader>
  <controlfield tag="008">708 M583s</controlfield>
  <datafield tag="020" ind1=" " ind2=" ">
    <subfield code="a">2879008484</subfield>
  </datafield>
  <datafield tag="082" ind1=" " ind2=" ">
    <subfield code="a">708</subfield>
    <subfield code="b">M583s</subfield>
  </datafield>
  <datafield tag="100" ind1=" " ind2=" ">
    <subfield code="a">Messager, Annette</subfield>
    <subfield code="9">6428</subfield>
  </datafield>
  <datafield tag="245" ind1=" " ind2=" ">
    <subfield code="a">sous vent</subfield>
  </datafield>
  <datafield tag="260" ind1=" " ind2=" ">
    <subfield code="a">Par&#xED;s</subfield>
    <subfield code="b">Les mus&#xE9;es de la Ville de Paris</subfield>
    <subfield code="c">2004</subfield>
  </datafield>
  <datafield tag="300" ind1=" " ind2=" ">
    <subfield code="a">66 p. </subfield>
    <subfield code="b">ill (col)</subfield>
    <subfield code="c">19.5 x 26 cm</subfield>
  </datafield>
  <datafield tag="650" ind1=" " ind2=" ">
    <subfield code="x">arte contempor&#xE1;neo</subfield>
    <subfield code="x">arte - exhibiciones</subfield>
    <subfield code="x">arte - instalaciones</subfield>
    <subfield code="x">Francia</subfield>
    <subfield code="9">6429</subfield>
  </datafield>
  <datafield tag="999" ind1=" " ind2=" ">
    <subfield code="c">1511</subfield>
    <subfield code="d">1511</subfield>
  </datafield>
  <datafield tag="952" ind1=" " ind2=" ">
    <subfield code="0">0</subfield>
    <subfield code="1">0</subfield>
    <subfield code="2">ddc</subfield>
    <subfield code="4">0</subfield>
    <subfield code="7">0</subfield>
    <subfield code="a">LV</subfield>
    <subfield code="b">LV</subfield>
    <subfield code="c">Monograf&#xED;as</subfield>
    <subfield code="d">2018-06-28</subfield>
    <subfield code="l">0</subfield>
    <subfield code="o">708 M583s</subfield>
    <subfield code="p">001067</subfield>
    <subfield code="r">2018-06-28 00:00:00</subfield>
    <subfield code="w">2018-06-28</subfield>
    <subfield code="y">01</subfield>
  </datafield>
</record>
